[Event "Sparkassen-Open J"]
[Site "Heusenstamm, Martinsee"]
[Date "2019.11.23"]
[Round "3.10"]
[White "Negru, Maximilian"]
[Black "Hott, Arthur"]
[Result "1-0"]
[WhiteElo "1323"]
[BlackElo "782"]
[PlyCount "83"]
[EventDate "2019.??.??"]
[WhiteTeam "SK Bad Homburg"]
[BlackTeam "SC Bad Soden"]

1. e4 e5 2. Nf3 Nf6 3. Nc3 Nc6 4. Bc4 Bc5 5. d3 d6 6. Bg5 Bg4 7. h3 Bd7 8. Nd5
h6 9. Bh4 g5 10. Bg3 Nxd5 11. Bxd5 Qe7 12. Qe2 O-O-O 13. O-O-O Be6 14. Bxc6
bxc6 15. d4 Bb6 16. d5 cxd5 17. exd5 Bf5 18. Qa6+ Kd7 19. Qb5+ Kc8 20. Qc6 Rde8
21. h4 f6 22. hxg5 fxg5 23. Nxe5 dxe5 24. d6 Qd8 25. Qa8+ Kd7 26. dxc7+ Kxc7
27. Rxd8 Rxd8 28. Bxe5+ Kd7 29. Qb7+ Ke6 30. Bxh8 Rxh8 31. Re1+ Kf6 32. Qe7+
Kg6 33. Rd1 Bxf2 34. Rd6+ Kh5 35. Qe2+ Kh4 36. Qxf2+ Kh5 37. Qf3+ Bg4 38. Qf7+
Kh4 39. Qf2+ Kh5 40. g3 Rh7 41. Qh2+ Bh3 42. Qxh3# 1-0

[Event "Sparkassen-Open J"]
[Site "Heusenstamm, Martinsee"]
[Date "2019.11.23"]
[Round "3.12"]
[White "Jumah, Shayan"]
[Black "Sadri, Adrian"]
[Result "1-0"]
[WhiteElo "1249"]
[BlackElo "1243"]
[PlyCount "89"]
[EventDate "2019.??.??"]
[WhiteTeam "SG Trier"]
[BlackTeam "SC Bad Soden"]

1. e4 e5 2. Nf3 Nc6 3. Bb5 d6 4. O-O Bd7 5. d4 exd4 6. Nxd4 Nxd4 7. Bxd7+ Qxd7
8. Qxd4 Nf6 9. Nc3 c5 10. Qa4 Qxa4 11. Nxa4 g6 12. Bg5 Bg7 13. Bxf6 Bxf6 14.
Rad1 Rd8 15. Rfe1 O-O 16. Nc3 Bxc3 17. bxc3 Rfe8 18. f4 b5 19. g4 a5 20. g5 b4
21. cxb4 axb4 22. f5 gxf5 23. exf5 Rxe1+ 24. Rxe1 d5 25. h4 d4 26. h5 c4 27.
Rb1 d3 28. cxd3 cxd3 29. Kf2 Kg7 30. Ke3 f6 31. g6 hxg6 32. hxg6 d2 33. Ke2 Kh6
34. Rd1 Kg7 35. Rxd2 Rb8 36. Rd7+ Kg8 37. Rf7 b3 38. axb3 Rxb3 39. Rxf6 Rb2+
40. Kf3 Rb3+ 41. Kg4 Rb7 42. Kg5 Rc7 43. Rd6 Rb7 44. Rd8+ Kg7 45. f6# 1-0

[Event "Sparkassen-Open J"]
[Site "Heusenstamm, Martinsee"]
[Date "2019.11.23"]
[Round "3.13"]
[White "Guo, Felix"]
[Black "Spelleken, Mark"]
[Result "1-0"]
[WhiteElo "1045"]
[BlackElo "961"]
[PlyCount "71"]
[EventDate "2019.??.??"]
[WhiteTeam "SK Mannheim-Lindenhof"]
[BlackTeam "SC Kahl"]

1. e4 e5 2. Nf3 Nc6 3. Bc4 Bc5 4. b4 Bxb4 5. c3 Ba5 6. d4 exd4 7. O-O dxc3 8.
Qb3 Nh6 9. Ng5 Qe7 10. Nxc3 Bxc3 11. Qxc3 Qf6 12. Qxf6 gxf6 13. Nf3 Ne5 14.
Nxe5 fxe5 15. Bxh6 d6 16. Rac1 c6 17. Rfd1 b5 18. Bb3 Ke7 19. Bg5+ f6 20. Bxf6+
Kxf6 21. Rxd6+ Ke7 22. Rcxc6 Bb7 23. Re6+ Kf7 24. Rc7+ Kf8 25. Rxb7 Rc8 26. g3
a5 27. Rxb5 Ra8 28. Reb6 Kg7 29. Rxe5 a4 30. Bd5 Rac8 31. Re7+ Kf8 32. Rbb7 h5
33. Rf7+ Ke8 34. e5 Rf8 35. Rfe7+ Kd8 36. Rbd7# 1-0

[Event "Sparkassen-Open J"]
[Site "Heusenstamm, Martinsee"]
[Date "2019.11.23"]
[Round "3.14"]
[White "Gärtner, David"]
[Black "Stiehl, Richard"]
[Result "0-1"]
[WhiteElo "958"]
[BlackElo "1205"]
[PlyCount "118"]
[EventDate "2019.??.??"]
[WhiteTeam "SF Heidesheim"]
[BlackTeam "SV Multatuli Ingelheim e.V."]

1. c4 e5 2. Nc3 Nf6 3. Nf3 Nc6 4. g3 Bc5 5. Bg2 d6 6. O-O Bf5 7. d3 Qd7 8. Bg5
Qe6 9. e4 Bg4 10. Nd5 Qc8 11. Nxf6+ gxf6 12. Bxf6 Rg8 13. Qd2 Nd4 14. Nxd4 Bxd4
15. Qh6 Rg6 16. Qh4 h6 17. Rab1 Qe6 18. Bh8 Rg5 19. h3 Be2 20. g4 Bxf1 21. Kxf1
O-O-O 22. Bg7 Rxg7 23. b4 Rg6 24. a4 Qf6 25. Qg3 h5 26. b5 h4 27. Qf3 Qxf3 28.
Bxf3 b6 29. Bg2 Rf6 30. f3 Rg8 31. Rb3 Kd7 32. Ra3 Ra8 33. a5 Rg6 34. Ke2 Rgg8
35. Ra2 a6 36. axb6 axb5 37. Rc2 Bxb6 38. cxb5 Ra5 39. Rb2 Rga8 40. Rd2 Ra2 41.
Rxa2 Rxa2+ 42. Kf1 Rd2 43. g5 Rxd3 44. Ke2 Rb3 45. Bf1 Rxb5 46. Kd2 Rb1 47. Bc4
Ke7 48. Kc3 Rh1 49. Kb4 Rxh3 50. Be2 Rg3 51. Kb5 h3 52. Kc6 h2 53. Kb7 h1=Q 54.
Kc8 Qa1 55. Kb7 Rg1 56. Bc4 Rc1 57. Bd5 Qa7+ 58. Kc8 c6 59. Bb3 Qc7# 0-1

[Event "Sparkassen-Open J"]
[Site "Heusenstamm, Martinsee"]
[Date "2019.11.23"]
[Round "3.15"]
[White "Himmelspacht, Maxim"]
[Black "Biallas, Flynn"]
[Result "1-0"]
[WhiteElo "1189"]
[BlackElo "953"]
[PlyCount "39"]
[EventDate "2019.??.??"]
[WhiteTeam "SK Gießen"]
[BlackTeam "SV Ffm-Griesheim"]

1. e4 e5 2. Nf3 Nc6 3. d4 d6 4. dxe5 dxe5 5. Qxd8+ Kxd8 6. Bc4 Nf6 7. Nc3 Bb4
8. Bd2 Nd4 9. Nxe5 Rf8 10. O-O-O Re8 11. Nxf7+ Ke7 12. Ng5 Ng4 13. Nd5+ Kd8 14.
Bxb4 Nxf2 15. Rxd4 Nxh1 16. Nf6+ Bd7 17. Rxd7+ Kc8 18. Be6 Rxe6 19. Nxe6 gxf6
20. Rd8# 1-0

[Event "Sparkassen-Open J"]
[Site "Heusenstamm, Martinsee"]
[Date "2019.11.23"]
[Round "3.16"]
[White "Hartl, Maximilian"]
[Black "Albrecht, Angelique"]
[Result "0-1"]
[WhiteElo "890"]
[BlackElo "1185"]
[PlyCount "138"]
[EventDate "2019.??.??"]
[WhiteTeam "TSV Landsberg"]
[BlackTeam "SV Multatuli Ingelheim e.V."]

1. e4 e5 2. Nf3 Nc6 3. Bc4 Bc5 4. c3 Nf6 5. d4 Bb6 6. Qe2 d6 7. O-O Bg4 8. Be3
Nxe4 9. d5 Ne7 10. Bxb6 axb6 11. Qxe4 f5 12. Qe3 f4 13. Qe4 Bf5 14. Qe2 Ng6 15.
Bb5+ Kf7 16. Ng5+ Qxg5 17. g3 Bh3 18. Re1 Rhf8 19. Nd2 Kg8 20. Ne4 Qf5 21. Qc4
fxg3 22. fxg3 Rf7 23. Rf1 Bxf1 24. Rxf1 Qg4 25. Nf6+ gxf6 26. Qxg4 Rxa2 27. Be8
Rg7 28. Qe6+ Kh8 29. Qxf6 Ra8 30. Bxg6 hxg6 31. Qh4+ Kg8 32. Qg4 Re8 33. Qf3 c5
34. h4 b5 35. h5 gxh5 36. Qxh5 Ree7 37. Qf5 Re8 38. Kg2 b6 39. Kh3 Rh7+ 40. Kg4
Rg7+ 41. Kh5 Rh7+ 42. Kg6 Rg7+ 43. Kh6 c4 44. Rh1 Rf8 45. Qe6+ Rff7 46. Qxd6
Rh7+ 47. Kg6 Rxh1 48. Qxe5 Rhh7 49. Qe8+ Rf8 50. Qe6+ Rff7 51. d6 Rhg7+ 52. Kh5
Rh7+ 53. Kg4 Kh8 54. d7 Rhg7+ 55. Kh3 Rxd7 56. Qxb6 Rh7+ 57. Kg2 Rd2+ 58. Kf3
Rd3+ 59. Kf4 Rf7+ 60. Kg5 Rxg3+ 61. Kh5 Rh7+ 62. Qh6 Rxh6+ 63. Kxh6 Kg8 64. Kh5
Kf7 65. Kh4 Rg2 66. Kh3 Rxb2 67. Kg4 b4 68. cxb4 c3 69. Kf3 c2 0-1

[Event "Sparkassen-Open J"]
[Site "Heusenstamm, Martinsee"]
[Date "2019.11.23"]
[Round "3.17"]
[White "González Peisker, Mateo León"]
[Black "Angrick, Carl-Friedrich"]
[Result "1-0"]
[WhiteElo "970"]
[BlackElo "1146"]
[PlyCount "47"]
[EventDate "2019.??.??"]
[WhiteTeam "SV Multatuli Ingelheim e.V."]
[BlackTeam "MSA Zugzwang"]

1. e4 e5 2. Nf3 Nc6 3. Bc4 Bc5 4. O-O Nf6 5. d3 d6 6. Bg5 O-O 7. Nc3 Bg4 8. h3
Bh5 9. Nd5 h6 10. Nxf6+ gxf6 11. Bxh6 Re8 12. c3 Kh7 13. Bd2 Rg8 14. Kh2 Qf8
15. Be3 Bxe3 16. fxe3 Qg7 17. Rf2 Ne7 18. d4 Ng6 19. Bxf7 Qxf7 20. Ng5+ Kg7 21.
Qxh5 Qe8 22. Qh7+ Kf8 23. Rxf6+ Qf7 24. Qxf7# 1-0

[Event "Sparkassen-Open J"]
[Site "Heusenstamm, Martinsee"]
[Date "2019.11.23"]
[Round "3.18"]
[White "Scheerer, Amelie"]
[Black "Milman, Sophie"]
[Result "0-1"]
[WhiteElo "1050"]
[BlackElo "917"]
[PlyCount "42"]
[EventDate "2019.??.??"]
[WhiteTeam "SV Ffm-Griesheim"]
[BlackTeam "SC Heusenstamm"]

1. e4 e5 2. Nf3 Nc6 3. Bc4 Bc5 4. c3 d6 5. d4 exd4 6. cxd4 Nxd4 7. Nxd4 Bg4 8.
Qxg4 Bxd4 9. Qf5 Bf6 10. Qd5 Qe7 11. Qxb7 Rd8 12. Qxa7 Qxe4+ 13. Be2 Qb4+ 14.
Bd2 Qxb2 15. Qxc7 Qxa1 16. O-O Qe5 17. Bc4 Nh6 18. Bxh6 O-O 19. Bxf7+ Rxf7 20.
f4 Qe3+ 21. Rf2 Rxc7 0-1

[Event "Sparkassen-Open J"]
[Site "Heusenstamm, Martinsee"]
[Date "2019.11.23"]
[Round "3.19"]
[White "Rodermel, Leonie"]
[Black "Henzelmann, Matthias"]
[Result "1-0"]
[WhiteElo "1097"]
[BlackElo "843"]
[PlyCount "61"]
[EventDate "2019.??.??"]
[WhiteTeam "SV Oberursel"]
[BlackTeam "SK Gießen"]

1. e4 d5 2. exd5 Nf6 3. c4 Bf5 4. Nc3 e6 5. dxe6 fxe6 6. Nf3 Nc6 7. d4 Bb4 8.
Qb3 Be7 9. Qxb7 Na5 10. Qb5+ Qd7 11. Qxa5 O-O 12. Be2 Bd6 13. O-O Qc6 14. d5
exd5 15. Nxd5 Nxd5 16. Qxd5+ Qxd5 17. cxd5 Rfe8 18. Bc4 Rab8 19. b3 Bb4 20. d6+
Kf8 21. dxc7 Rbc8 22. Bf4 Bc3 23. Rad1 Ba5 24. Bd6+ Re7 25. Bxe7+ Kxe7 26. a3
Bxc7 27. Rfe1+ Kf6 28. Rd5 Bf4 29. Rxf5+ Kxf5 30. Be6+ Kf6 31. Bxc8 1-0

[Event "Sparkassen-Open J"]
[Site "Heusenstamm, Martinsee"]
[Date "2019.11.23"]
[Round "3.20"]
[White "Gossen, Michael"]
[Black "Plaumann, Finja"]
[Result "1-0"]
[WhiteElo "1072"]
[BlackElo "820"]
[PlyCount "95"]
[EventDate "2019.??.??"]
[WhiteTeam "TuS Makkabi Wiesbaden"]
[BlackTeam "SF Heidesheim"]

1. e4 e6 2. d4 d5 3. Nc3 Nf6 4. e5 Nfd7 5. f4 Nc6 6. Nf3 Be7 7. Bb5 O-O 8. Bd2
Bb4 9. Qe2 Ne7 10. a3 Bxc3 11. Bxc3 c6 12. Ba4 Nb6 13. Ba5 Nf5 14. O-O-O Qe8
15. Bb3 Bd7 16. Bb4 Ne7 17. g4 Qd8 18. h4 Re8 19. h5 h6 20. g5 Nf5 21. c3 Ng3
22. Qg2 Nxh1 23. Rxh1 Kh8 24. gxh6 gxh6 25. Bc2 f5 26. exf6 Qxf6 27. Bd6 Rg8
28. Qd2 Nc4 29. Qd3 Rg7 30. Be5 Nxe5 31. fxe5 Qf5 32. Qe3 Qf7 33. Qxh6+ Kg8 34.
Rf1 Re8 35. Nh2 Qe7 36. Bg6 Rf8 37. Rg1 Rxg6 38. Rxg6+ Kf7 39. Rg7+ Ke8 40.
Rxe7+ Kxe7 41. Ng4 Rf1+ 42. Kc2 Rf8 43. Qg5+ Ke8 44. Nf6+ Kf7 45. Qg6+ Ke7 46.
Ng8+ Kd8 47. h6 Be8 48. Qxe6 1-0

[Event "Sparkassen-Open J"]
[Site "Heusenstamm, Martinsee"]
[Date "2019.11.23"]
[Round "3.21"]
[White "Neininger, Pascal"]
[Black "Müller, Riyanna"]
[Result "0-1"]
[WhiteElo "862"]
[BlackElo "1024"]
[PlyCount "40"]
[EventDate "2019.??.??"]
[WhiteTeam "SV Oberursel"]
[BlackTeam "SC Landskrone"]

1. e4 e5 2. Nf3 Nc6 3. d4 exd4 4. Bc4 Bc5 5. c3 d6 6. cxd4 Bb6 7. d5 Nce7 8. b3
Nf6 9. Bb2 Ng6 10. O-O O-O 11. e5 dxe5 12. Nxe5 Nxe5 13. Bxe5 Re8 14. Bb2 Ne4
15. Bb5 Bd7 16. Bxd7 Qxd7 17. Re1 Bxf2+ 18. Kh1 Bxe1 19. Qxe1 Qxd5 20. Qh4 Qd1+
0-1

[Event "Sparkassen-Open J"]
[Site "Heusenstamm, Martinsee"]
[Date "2019.11.23"]
[Round "3.22"]
[White "Carls, Bela"]
[Black "Ramien, Eva"]
[Result "1-0"]
[WhiteElo "1016"]
[BlackElo "798"]
[PlyCount "33"]
[EventDate "2019.??.??"]
[WhiteTeam "Frankfurter TV"]
[BlackTeam "SG Porz"]

1. e4 e5 2. Nf3 Nc6 3. d4 exd4 4. Nxd4 Nxd4 5. Qxd4 Nf6 6. Bc4 Qe7 7. e5 Nh5 8.
O-O b6 9. Nc3 d6 10. exd6 cxd6 11. Qd5 Bb7 12. Qxh5 Qd7 13. Bg5 h6 14. Rfe1+
Be7 15. Qxf7+ Kd8 16. Rxe7 Qc6 17. Rc7+ 1-0

[Event "Sparkassen-Open J"]
[Site "Heusenstamm, Martinsee"]
[Date "2019.11.23"]
[Round "3.24"]
[White "Müller, Mirelle-Fabienne"]
[Black "Richter, Johanna"]
[Result "0-1"]
[WhiteElo "847"]
[BlackElo "1002"]
[PlyCount "86"]
[EventDate "2019.??.??"]
[WhiteTeam "SC Landskrone"]
[BlackTeam "SF Heidesheim"]

1. e4 d6 2. Be2 Nf6 3. Nf3 Nxe4 4. O-O g6 5. d3 Nf6 6. Bd2 Bg7 7. Nc3 O-O 8. d4
c6 9. a4 Bf5 10. Ra3 a5 11. Bf4 d5 12. Rb3 Qc8 13. Bd3 Bxd3 14. Qxd3 Nbd7 15.
Re1 e6 16. Nd1 c5 17. Qb5 b6 18. Ne5 Ra6 19. Qc6 Qxc6 20. Nxc6 Re8 21. dxc5
Nxc5 22. Nb8 Nxb3 23. Nxa6 Nc5 24. Nxc5 bxc5 25. c3 c4 26. Bc7 Ra8 27. Ne3 Ne8
28. Bb6 Rb8 29. Bxa5 Rxb2 30. Ra1 Rb8 31. Bb4 Nc7 32. Bd6 Bxc3 33. Bxc7 Rb2 34.
Nd1 Rb7 35. a5 Bxa1 36. Bb6 Rb8 37. Bc7 Ra8 38. Ne3 Bc3 39. Ng4 Bxa5 40. Be5 c3
41. Bf4 Bb4 42. Bh6 Ra1+ 43. Bc1 Rxc1# 0-1

[Event "Sparkassen-Open J"]
[Site "Heusenstamm, Martinsee"]
[Date "2019.11.23"]
[Round "3.27"]
[White "Glavev, Danail"]
[Black "Ilievski, Kiril"]
[Result "1/2-1/2"]
[WhiteElo "829"]
[BlackElo "753"]
[PlyCount "127"]
[EventDate "2019.??.??"]
[WhiteTeam "SV Oberursel"]
[BlackTeam "SC Groß-Zimmern"]

1. e4 c6 2. Nc3 Nf6 3. Nf3 d5 4. d3 Bg4 5. g3 e6 6. Bg2 Bb4 7. Bd2 O-O 8. a3
Bxf3 9. Qxf3 Be7 10. O-O Nbd7 11. Rfe1 Qb6 12. Rab1 d4 13. Nd1 h6 14. c3 Ne5
15. Qe2 a5 16. cxd4 Qxd4 17. Bc3 Qc5 18. b4 axb4 19. Bxb4 Qd4 20. Bxe7 Rfe8 21.
Bxf6 gxf6 22. Qe3 Rad8 23. Qxd4 Rxd4 24. Bf1 Nf3+ 25. Kg2 Nxe1+ 26. Kh1 Nxd3
27. Bxd3 Rxd3 28. Nb2 Rxa3 29. Nc4 Ra2 30. Nd6 Re7 31. Nxb7 Rxf2 32. Nd6 c5 33.
Rb8+ Kg7 34. Ne8+ Kg6 35. Nd6 Kh7 36. Rb1 c4 37. Nxc4 Rd7 38. Kg1 Rc2 39. Ne3
Rc3 40. Nd1 Rcd3 41. Nf2 Rd2 42. Kg2 Kg6 43. g4 f5 44. gxf5+ exf5 45. exf5+
Kxf5 46. Rb5+ R2d5 47. Rb6 Kg5 48. Nh3+ Kg4 49. Nf2+ Kh4 50. Rb4+ Rd4 51. Rb6
R7d6 52. Rb7 f5 53. Rf7 f4 54. Rg7 h5 55. h3 f3+ 56. Kxf3 Rd3+ 57. Nxd3 Rxd3+
58. Kf2 Rxh3 59. Rg1 Rh2+ 60. Rg2 Rxg2+ 61. Kxg2 Kg4 62. Kh1 Kg3 63. Kg1 Kg4
64. Kg2 1/2-1/2

[Event "Sparkassen-Open J"]
[Site "Heusenstamm, Martinsee"]
[Date "2019.11.23"]
[Round "3.28"]
[White "Englert, Ann"]
[Black "Akcapinar, Timur"]
[Result "0-1"]
[WhiteElo "950"]
[BlackElo "1106"]
[PlyCount "114"]
[EventDate "2019.??.??"]
[WhiteTeam "TV-Großostheim"]
[BlackTeam "SF Essen-Werden"]

1. e4 c5 2. Nf3 d6 3. Nc3 Nf6 4. Bb5+ Bd7 5. O-O g6 6. h3 Bg7 7. e5 dxe5 8.
Nxe5 O-O 9. d4 Bxb5 10. Nxb5 a6 11. Nc3 cxd4 12. Ne2 Ne4 13. Nf3 Nc6 14. Qd3
Nc5 15. Qc4 Ne6 16. Bf4 b5 17. Qd3 Qd5 18. Nh2 Nb4 19. Qd2 Nc6 20. Nf3 Rfd8 21.
Bh6 d3 22. cxd3 Qxd3 23. Qxd3 Rxd3 24. Bxg7 Kxg7 25. Rad1 Rad8 26. Rc1 Ncd4 27.
Nexd4 Nxd4 28. Nxd4 R3xd4 29. Rfe1 e6 30. Rc6 Rd1 31. Rxd1 Rxd1+ 32. Kh2 Rd2
33. f3 Rxb2 34. Rxa6 h5 35. a4 bxa4 36. Rxa4 f5 37. Kg3 g5 38. Kh2 Kf6 39. h4
gxh4 40. Rxh4 Kg5 41. Kh3 e5 42. Ra4 Re2 43. g3 e4 44. fxe4 fxe4 45. Ra1 e3 46.
Rg1 Rf2 47. Rg2 e2 48. Rxf2 e1=Q 49. Rg2 Qe6+ 50. Kh2 h4 51. Rg1 Qe2+ 52. Kh3
hxg3 53. Rxg3+ Kf5 54. Kh4 Qh2+ 55. Rh3 Qf4+ 56. Kh5 Qg4+ 57. Kh6 Qg6# 0-1

[Event "Sparkassen-Open J"]
[Site "Heusenstamm, Martinsee"]
[Date "2019.11.23"]
[Round "3.29"]
[White "Heller, Karan"]
[Black "Rempe, Lennik"]
[Result "0-1"]
[WhiteElo "844"]
[BlackElo "1167"]
[PlyCount "120"]
[EventDate "2019.??.??"]
[WhiteTeam "TuS Dotzheim"]
[BlackTeam "SK Doppelbauer Kiel"]

1. e4 e5 2. Nf3 Nc6 3. Nc3 Nf6 4. Bc4 Nxe4 5. Nxe4 d5 6. Bxd5 Qxd5 7. Nc3 Qd8
8. O-O Bg4 9. h3 Bh5 10. g4 Bg6 11. d3 Bd6 12. Bg5 f6 13. Be3 O-O 14. Nb5 e4
15. Nfd4 Nxd4 16. Bxd4 Bf4 17. Bxa7 f5 18. Be3 Be5 19. c3 Qh4 20. Kg2 fxg4 21.
Qxg4 Qxg4+ 22. hxg4 exd3 23. Bd4 Bxd4 24. Nxd4 c5 25. Ne6 Rfc8 26. Nf4 d2 27.
Nd5 Rd8 28. c4 Bc2 29. Ne3 Bd3 30. Rfd1 Be2 31. Rg1 Ra6 32. Kg3 Rad6 33. Kf4
d1=Q 34. Nxd1 Bxd1 35. Re1 Rf6+ 36. Kg3 Bc2 37. Rac1 Rd3+ 38. Re3 Rxe3+ 39.
fxe3 Ba4 40. b3 Bc6 41. a3 Rf3+ 42. Kh4 Rxe3 43. a4 Rxb3 44. a5 Ra3 45. Rf1
Rxa5 46. Kg5 b5 47. cxb5 Bxb5 48. Rc1 c4 49. Kf5 Ba4+ 50. Ke4 Rc5 51. Kd4 Rc7
52. Rxc4 Rxc4+ 53. Kxc4 Bd7 54. Kd4 Bxg4 55. Ke4 h5 56. Kf4 Bd7 57. Kg5 g6 58.
Kxg6 h4 59. Kg5 h3 60. Kf4 h2 0-1

[Event "Sparkassen-Open J"]
[Site "Heusenstamm, Martinsee"]
[Date "2019.11.23"]
[Round "3.30"]
[White "Paschedag, Vivien"]
[Black "Sarbu, Carla Alexandra"]
[Result "1-0"]
[WhiteElo "923"]
[BlackElo "846"]
[PlyCount "59"]
[EventDate "2019.??.??"]
[WhiteTeam "SC Heusenstamm"]
[BlackTeam "SC Saarlouis"]

1. e4 e5 2. Nf3 Nc6 3. Bc4 Bc5 4. O-O Nf6 5. d3 O-O 6. Bg5 h6 7. Bh4 Qe7 8. Nc3
d6 9. Nd5 Nxd5 10. Bxe7 Ndxe7 11. h3 Be6 12. b3 Bxc4 13. bxc4 Nd4 14. Rb1 Rab8
15. c3 Nxf3+ 16. Qxf3 a6 17. Rfd1 b5 18. d4 Ba7 19. cxb5 axb5 20. Qg4 c6 21.
Rd3 c5 22. Rg3 g6 23. Qh4 Kh7 24. Qxe7 Bb6 25. Qxd6 cxd4 26. c4 Rfd8 27. Qf6 d3
28. Qxf7+ Kh8 29. Qxg6 Rd6 30. Qg7# 1-0

[Event "Sparkassen-Open J"]
[Site "Heusenstamm, Martinsee"]
[Date "2019.11.23"]
[Round "3.31"]
[White "Ninnemann, Patrick"]
[Black "Schilling, Pascal"]
[Result "1-0"]
[WhiteElo "892"]
[BlackElo "838"]
[PlyCount "37"]
[EventDate "2019.??.??"]
[WhiteTeam "SC Bad Soden"]
[BlackTeam "SV Ffm-Griesheim"]

1. e4 e5 2. Nf3 Nc6 3. Bb5 Bc5 4. Bxc6 dxc6 5. Nxe5 Nf6 6. Nc3 O-O 7. Nf3 Ng4
8. O-O Nf6 9. d4 Bb4 10. Bd2 c5 11. dxc5 Bxc5 12. h3 Qe7 13. e5 Nd7 14. Re1 Rd8
15. Bg5 Nf6 16. Qe2 Qd7 17. exf6 Qc6 18. fxg7 Bd7 19. Bxd8 1-0

[Event "Sparkassen-Open J"]
[Site "Heusenstamm, Martinsee"]
[Date "2019.11.23"]
[Round "3.32"]
[White "Culha, Merve"]
[Black "Tobias, Franziska Ylvi"]
[Result "0-1"]
[WhiteElo "874"]
[BlackElo "1266"]
[PlyCount "56"]
[EventDate "2019.??.??"]
[WhiteTeam "SC Heusenstamm"]
[BlackTeam "SV Oberursel"]

1. e4 e5 2. Nf3 Nc6 3. Bc4 Bc5 4. Nc3 Nf6 5. d3 O-O 6. Bg5 h6 7. Bh4 d6 8. h3
Ne7 9. d4 Ng6 10. Bg3 exd4 11. Nxd4 d5 12. exd5 Re8+ 13. Nde2 Qe7 14. O-O c6
15. Re1 Qd7 16. a3 Qf5 17. b4 Bb6 18. a4 a5 19. b5 Bd7 20. Nd4 Rxe1+ 21. Qxe1
Bxd4 22. Qe2 Qg5 23. Qd3 Bxf2+ 24. Bxf2 Nf4 25. Qf3 Nxh3+ 26. Kh2 Nxf2 27. dxc6
Qh4+ 28. Kg1 Qh1+ 0-1

[Event "Sparkassen-Open J"]
[Site "Heusenstamm, Martinsee"]
[Date "2019.11.23"]
[Round "3.33"]
[White "Terlinde, Mattis"]
[Black "Claussen, Daniela"]
[Result "0-1"]
[WhiteElo "807"]
[BlackElo "870"]
[PlyCount "78"]
[EventDate "2019.??.??"]
[WhiteTeam "SK Gau-Algesheim"]
[BlackTeam "SF Essen-Werden"]

1. e4 e6 2. Nc3 b6 3. Nf3 Bb7 4. d3 Bb4 5. Bd2 Bxc3 6. Bxc3 Nf6 7. Be2 d5 8. e5
Nfd7 9. O-O O-O 10. Qd2 c5 11. d4 Nc6 12. Nh4 Qxh4 13. g3 Qh3 14. Qd1 cxd4 15.
Bg4 Qh6 16. Bd2 Qg6 17. Bh5 Qe4 18. Bf3 Qxe5 19. Bf4 Qf6 20. Re1 Nde5 21. Bxe5
Nxe5 22. c3 Nxf3+ 23. Kf1 Nxe1 24. Kxe1 Ba6 25. cxd4 e5 26. dxe5 Qxe5+ 27. Kd2
Qd4+ 28. Kc1 Rfc8+ 29. Qc2 Rxc2+ 30. Kxc2 Qd3+ 31. Kc1 Bb5 32. b3 Rc8+ 33. Kb2
Qc2+ 34. Ka3 Be2 35. Ka4 a6 36. Ka3 Rc5 37. b4 Rb5 38. Rb1 Qxb1 39. Ka4 Qxa2#
0-1

[Event "Sparkassen-Open J"]
[Site "Heusenstamm, Martinsee"]
[Date "2019.11.23"]
[Round "3.34"]
[White "Heidtkamp, Anna"]
[Black "Jäger, Viktoria"]
[Result "1-0"]
[WhiteElo "788"]
[BlackElo "869"]
[PlyCount "59"]
[EventDate "2019.??.??"]
[WhiteTeam "Düsseldorfer SV"]
[BlackTeam "SK Bad Homburg"]

1. e4 e5 2. Nf3 Nc6 3. Bc4 Bc5 4. c3 Nf6 5. d4 exd4 6. cxd4 Bb4+ 7. Bd2 Nxe4 8.
Bxb4 Nxb4 9. Bxf7+ Kxf7 10. Qb3+ d5 11. Qxb4 Re8 12. O-O Kg8 13. Re1 Nd6 14.
Rxe8+ Qxe8 15. h3 Qg6 16. Qe1 Bxh3 17. Nh4 Nf5 18. Nxg6 Nxd4 19. Ne7+ Kf7 20.
Qe3 Nc2 21. Qxh3 Kxe7 22. Nc3 Nxa1 23. Nxd5+ Kd6 24. Qd3 c6 25. Nf4+ Kc7 26.
Ne6+ Kb6 27. Qd4+ Ka6 28. Nc5+ Kb6 29. Qb4+ Kc7 30. Qxb7+ 1-0

[Event "Sparkassen-Open J"]
[Site "Heusenstamm, Martinsee"]
[Date "2019.11.23"]
[Round "3.35"]
[White "Yang, Sophie"]
[Black "Gärtner, Anna"]
[Result "1-0"]
[WhiteElo "849"]
[BlackElo "779"]
[PlyCount "113"]
[EventDate "2019.??.??"]
[WhiteTeam "SK Mannheim-Lindenhof"]
[BlackTeam "SF Heidesheim"]

1. e4 e6 2. d4 d5 3. exd5 exd5 4. Nc3 Bb4 5. Bd2 Nf6 6. Nf3 O-O 7. Be2 Bf5 8.
O-O c5 9. Bf4 cxd4 10. Qxd4 Nc6 11. Qd1 d4 12. Nb5 Nd5 13. Bd2 Bxd2 14. Qxd2 a6
15. Nbxd4 Nxd4 16. Nxd4 Nb6 17. Rfd1 Qf6 18. Qc3 Rac8 19. Qb3 Bxc2 20. Nxc2
Rfe8 21. Bf3 a5 22. Bxb7 Rc7 23. Bf3 a4 24. Qd3 h6 25. b3 axb3 26. axb3 Nd7 27.
Ra8 Rxa8 28. Bxa8 Ne5 29. Qd8+ Qxd8 30. Rxd8+ Kh7 31. Be4+ g6 32. Ne3 Rc1+ 33.
Nf1 f5 34. Bf3 Nf7 35. Rd7 Kg7 36. Bd5 Rc5 37. Rxf7+ Kg8 38. Rxf5+ Kg7 39. b4
gxf5 40. bxc5 Kf8 41. Ne3 Ke8 42. Nxf5 h5 43. c6 Kd8 44. Ng7 h4 45. Nf5 Kc7 46.
Nxh4 Kd6 47. Bf3 Kc7 48. g4 Kd6 49. g5 Ke7 50. g6 Kd6 51. g7 Kc5 52. g8=Q Kb4
53. c7 Kc3 54. c8=Q+ Kb2 55. Qgc4 Ka1 56. Qb4 Ka2 57. Qa8# 1-0

[Event "Sparkassen-Open J"]
[Site "Heusenstamm, Martinsee"]
[Date "2019.11.23"]
[Round "4.1"]
[White "Claussen, Alexander"]
[Black "Eull, Emil"]
[Result "0-1"]
[WhiteElo "1220"]
[BlackElo "1504"]
[PlyCount "84"]
[EventDate "2019.??.??"]
[WhiteTeam "SF Essen-Werden"]
[BlackTeam "SF Neuberg"]

1. d4 Nf6 2. g3 e6 3. Bg2 c5 4. c3 d5 5. Qb3 Nc6 6. Nf3 Bd6 7. Nbd2 O-O 8. Ng5
h6 9. e4 hxg5 10. e5 Bxe5 11. dxe5 Nxe5 12. O-O Nd3 13. c4 Nxc1 14. Raxc1 Qd6
15. Nf3 Ne4 16. Rcd1 Rd8 17. cxd5 exd5 18. Rfe1 c4 19. Qc2 g4 20. Nh4 Nf6 21.
Nf5 Bxf5 22. Qxf5 Qd7 23. Qf4 Re8 24. Rf1 Rad8 25. Rd2 Qd6 26. Qd4 Qb6 27. Qc3
Ne4 28. Bxe4 Rxe4 29. Rfd1 Qe6 30. Rd4 Qf5 31. b3 cxb3 32. Qxb3 Rxd4 33. Rxd4
b6 34. Qc3 Rc8 35. Qe3 Qf3 36. Qg5 Re8 37. Qc1 Re2 38. Rf4 Qd3 39. Qc8+ Kh7 40.
Qxg4 Re1+ 41. Kg2 Qf1+ 42. Kf3 Qh1# 0-1

[Event "Sparkassen-Open J"]
[Site "Heusenstamm, Martinsee"]
[Date "2019.11.23"]
[Round "4.2"]
[White "Kamleiter, Noah"]
[Black "Vick, Edward"]
[Result "1/2-1/2"]
[WhiteElo "1395"]
[BlackElo "1242"]
[PlyCount "102"]
[EventDate "2019.??.??"]
[WhiteTeam "TSV Bindlach Aktionär"]
[BlackTeam "TuS Makkabi Wiesbaden"]

1. e4 d5 2. exd5 Nf6 3. d4 Nxd5 4. Nf3 Nc6 5. Bb5 Bd7 6. O-O e6 7. Re1 Bd6 8.
Bc4 O-O 9. Bxd5 exd5 10. Nc3 Be6 11. Ng5 Be7 12. Nxe6 fxe6 13. Rxe6 Bf6 14. Ne2
Qd7 15. Re3 Rae8 16. c3 Bh4 17. Rxe8 Qxe8 18. Be3 Ne7 19. Qb3 b6 20. Rf1 c6 21.
Nf4 Ng6 22. Nxg6 Qxg6 23. Qa4 a5 24. c4 dxc4 25. Qxc4+ Kh8 26. d5 cxd5 27. Qxh4
b5 28. Qe7 Re8 29. Qg5 Qe4 30. Re1 d4 31. f3 Qe6 32. Kf2 dxe3+ 33. Rxe3 Qb6 34.
Ke2 Rg8 35. Qe5 Qc6 36. Rc3 Qd7 37. Rc7 Qd8 38. Qc3 Re8+ 39. Kf2 Rg8 40. Qxa5
Qd4+ 41. Kf1 Qxb2 42. Rc3 Qb1+ 43. Kf2 Qb2+ 44. Kg3 Qd2 45. Qb4 Qe1+ 46. Kh3
Qe6+ 47. g4 Qe1 48. Rb3 Qf1+ 49. Kh4 g5+ 50. Kg3 Qg1+ 51. Kh3 Qf1+ 1/2-1/2

[Event "Sparkassen-Open J"]
[Site "Heusenstamm, Martinsee"]
[Date "2019.11.23"]
[Round "4.3"]
[White "Yang, Marco"]
[Black "Bogiatzis, Panagiotis"]
[Result "0-1"]
[WhiteElo "1260"]
[BlackElo "1048"]
[PlyCount "116"]
[EventDate "2019.??.??"]
[WhiteTeam "SK Mannheim-Lindenhof"]
[BlackTeam "SK Langen"]

1. e4 e5 2. Nf3 Nf6 3. Nxe5 d6 4. Nf3 Nxe4 5. d3 Nf6 6. Be2 Be7 7. O-O O-O 8.
Bg5 Nc6 9. Nc3 Be6 10. d4 d5 11. Bb5 Qd6 12. Bxc6 Qxc6 13. Ne5 Qb6 14. b3 c6
15. Na4 Qd8 16. a3 Rc8 17. b4 b6 18. f4 c5 19. Bxf6 Bxf6 20. bxc5 bxc5 21. Nxc5
Be7 22. Ncd3 Qb6 23. Nf2 Bd6 24. Rb1 Qc7 25. Qf3 Bxa3 26. Qxa3 Qxc2 27. Rbc1
Qd2 28. Rxc8 Rxc8 29. Qxa7 Qxf4 30. Nc6 Rxc6 31. Qa8+ Rc8 32. Ra1 g6 33. Qa4
Rc4 34. Qb3 Qxd4 35. Qd3 Qxa1+ 36. Nd1 Rd4 37. Qb5 Rxd1+ 38. Kf2 Qd4+ 39. Kf3
Qd3+ 40. Qxd3 Rxd3+ 41. Ke2 Rd4 42. Ke3 Re4+ 43. Kd3 Kg7 44. Kc3 Kf6 45. Kd3
Kf5 46. Kd2 Kf4 47. Kd3 f5 48. Kd2 d4 49. g3+ Kf3 50. Kd3 Kg2 51. Kd2 Kxh2 52.
Kd3 Kxg3 53. Kd2 h5 54. Kd3 h4 55. Kd2 h3 56. Kd3 h2 57. Kd2 h1=Q 58. Kd3 Qd1#
0-1